000 00870nam a2200205Ii 4500
003 JO-AjNU
008 230606s9999||||xx |||||||||||||| ||und||
017 _a1988/2/85
040 _aJO-AjNU
_beng
_erda
_cJO-AjNU
041 _aeng
050 1 4 _aLG431 2011
100 3 _aالبخيت،محمد عدنان تقديم/زاهدة،عزت زاهدة .... وآخرون إعداد وتكشيف,
_eauthor
_93693
245 0 0 _aج2، الإنتاج العلمي للعاملين في الجامعة الأردنية 1988-2011م باللغة الانجليزية
264 3 1 _aعمان:الجامعة الأردنية،2011
300 _aVol..2: 608-1210p
336 _atext
_btxt
_2rdacontent
337 _aunmediated
_bn
_2rdamedia
338 _avolume
_bnc
_2rdacarrier
650 4 _aجامعات-الأردن-ببليوجرافيات الجامعة الأردنية
_93694
999 _aE1926
_c1926
_d1926